[Event "Copenhagen Cup IM-A"]
[Site "Copenhagen"]
[Date "2012.10.20"]
[Round "6"]
[White "Carstensen, Jacob"]
[Black "Eriksson, Christian Altenburg"]
[Result "1-0"]
[WhiteElo "2362"]
[BlackElo "2098"]
[PlyCount "129"]
[EventDate "2012.10.17"]
[EventType "tourn"]
[EventRounds "9"]
[EventCountry "DEN"]
[EventCategory "4"]
[SourceTitle "EXT 2013"]
[Source "ChessBase"]
[SourceDate "2012.11.22"]

1. d4 d5 2. c4 dxc4 3. Nf3 Nf6 4. Qa4+ c6 5. Qxc4 Bf5 6. Nc3 e6 7. g3 Nbd7 8.
Bg2 Be7 9. e3 O-O 10. Qe2 Ne4 11. O-O Rc8 12. Rd1 Qb6 13. Ne1 Nxc3 14. bxc3 Bg6
15. e4 c5 16. Be3 Qa5 17. Rab1 b6 18. Rdc1 Rfd8 19. Nd3 Qa6 20. Rd1 cxd4 21.
cxd4 Rc3 22. Qd2 Rdc8 23. Nc5 Nxc5 24. dxc5 Rxe3 25. Qxe3 Bxc5 26. Qd2 Qc4 27.
Rbc1 Qb5 28. Qd7 Qxd7 29. Rxd7 e5 30. Rxa7 f6 31. Rc2 Rd8 32. Bf3 Rd4 33. Re2
Rd1+ 34. Kg2 Rd4 35. a4 h5 36. a5 bxa5 37. Rxa5 Bb4 38. Ra7 Kh7 39. h4 Bd2 40.
Kh2 Be8 41. Ra2 Bb4 42. Ra8 Bg6 43. Bg2 Bd2 44. Bh3 Bb4 45. Bf5 Bxf5 46. exf5
Rd2 47. Rxd2 Bxd2 48. Kg2 Be1 49. Kf1 Bc3 50. Ke2 Bd4 51. f3 Bb2 52. Kd3 Bc1
53. Rc8 Bb2 54. Ke4 Bd4 55. Rc2 Ba1 56. Kd5 Bd4 57. Ke6 Be3 58. Kf7 Bh6 59. Rc8
Bd2 60. Rg8 Bh6 61. f4 exf4 62. gxf4 Bxf4 63. Rxg7+ Kh8 64. Kg6 Bh6 65. Rh7+
1-0

[Event "Copenhagen Cup IM-A"]
[Site "Copenhagen"]
[Date "2012.10.21"]
[Round "8"]
[White "Carstensen, Jacob"]
[Black "Holm, Kristian Stuvik"]
[Result "1-0"]
[WhiteElo "2362"]
[BlackElo "2316"]
[PlyCount "55"]
[EventDate "2012.10.17"]
[EventType "tourn"]
[EventRounds "9"]
[EventCountry "DEN"]
[EventCategory "4"]
[SourceTitle "EXT 2013"]
[Source "ChessBase"]
[SourceDate "2012.11.22"]

1. d4 Nf6 2. c4 e6 3. Nf3 c5 4. d5 exd5 5. cxd5 d6 6. Nc3 g6 7. Nd2 Bg7 8. Nc4
a6 9. Bf4 Bf8 10. a4 Nh5 11. Qd2 f5 12. Bg5 Qc7 13. e4 h6 14. Be3 fxe4 15. Nxe4
Bf5 16. Bd3 Nd7 17. O-O Bxe4 18. Bxe4 Kf7 19. Bf3 Nhf6 20. Bf4 Rd8 21. Rfe1 Nb6
22. Ne3 Nbd7 23. Bg4 Nxg4 24. Nxg4 g5 25. Bxg5 hxg5 26. Qxg5 Ne5 27. Rxe5 dxe5
28. Nxe5+ 1-0

[Event "Copenhagen Cup IM-A"]
[Site "Copenhagen"]
[Date "2012.10.19"]
[Round "4"]
[White "Carstensen, Jacob"]
[Black "Ochsner, Bjorn Moller"]
[Result "1/2-1/2"]
[WhiteElo "2362"]
[BlackElo "2322"]
[PlyCount "90"]
[EventDate "2012.10.17"]
[EventType "tourn"]
[EventRounds "9"]
[EventCountry "DEN"]
[EventCategory "4"]
[SourceTitle "EXT 2013"]
[Source "ChessBase"]
[SourceDate "2012.11.22"]

1. d4 Nf6 2. c4 g6 3. Nc3 Bg7 4. e4 d6 5. f4 O-O 6. Nf3 c5 7. d5 e6 8. Be2 exd5
9. cxd5 Bg4 10. O-O Re8 11. h3 Bxf3 12. Bxf3 Nbd7 13. a4 c4 14. Qe2 Nxe4 15.
Nxe4 f5 16. Be3 fxe4 17. Bg4 Nc5 18. Bxc5 dxc5 19. Qxc4 Bd4+ 20. Kh1 Kg7 21.
Rad1 Qf6 22. b4 b6 23. Be6 Rad8 24. f5 g5 25. bxc5 bxc5 26. Rb1 Re7 27. Rb3 e3
28. Qe2 Rc7 29. Rfb1 c4 30. Rb7 Qe7 31. Qxc4 Rxc4 32. Rxe7+ Kf6 33. d6 Rxa4 34.
Bb3 Ra1 35. Re6+ Kxf5 36. Rxa1 Bxa1 37. Rxe3 Rxd6 38. Bc2+ Kf6 39. Ra3 Be5 40.
Kg1 h5 41. Kf1 Bd4 42. Rf3+ Kg7 43. Bb3 Bf6 44. Ke2 a5 45. Rd3 Rxd3 1/2-1/2

[Event "Copenhagen Cup IM-A"]
[Site "Copenhagen"]
[Date "2012.10.17"]
[Round "1"]
[White "Carstensen, Jacob"]
[Black "Tari, Aryan"]
[Result "0-1"]
[WhiteElo "2362"]
[BlackElo "2280"]
[PlyCount "122"]
[EventDate "2012.10.17"]
[EventType "tourn"]
[EventRounds "9"]
[EventCountry "DEN"]
[EventCategory "4"]
[SourceTitle "EXT 2013"]
[Source "ChessBase"]
[SourceDate "2012.11.22"]

1. d4 Nf6 2. c4 g6 3. Nc3 d5 4. Nf3 Bg7 5. Bf4 c5 6. dxc5 Qa5 7. Rc1 dxc4 8. e3
O-O 9. Bxc4 Qxc5 10. Bb3 Nc6 11. O-O Qa5 12. h3 Bf5 13. Qe2 Ne4 14. g4 Nxc3 15.
bxc3 Bd7 16. Rfd1 Rad8 17. Rd5 Qa3 18. Rcd1 Be6 19. Rxd8 Nxd8 20. Qb5 Bxb3 21.
axb3 Bxc3 22. Rd7 Qb4 23. Qxb4 Bxb4 24. Nd4 a5 25. Nb5 Ne6 26. Bg3 b6 27. Rb7
Nc5 28. Rxb6 Nxb3 29. Nc7 Nc1 30. Nd5 Nd3 31. Kf1 Rd8 32. Rb5 e6 33. Nxb4 axb4
34. Bh4 Rc8 35. Bf6 Kf8 36. Rb7 g5 37. Ke2 Nc1+ 38. Kd1 b3 39. f3 h6 40. Bb2
Nd3 41. Rxb3 Nf2+ 42. Kd2 Nxh3 43. Bf6 Ng1 44. f4 Nf3+ 45. Ke2 Nh2 46. fxg5
Nxg4 47. Kf3 Nxf6 48. gxf6 Kg8 49. Rb7 Rc1 50. Kf2 Rc5 51. e4 Rg5 52. Kf3 e5
53. Re7 h5 54. Ke3 h4 55. Re8+ Kh7 56. Rf8 Kg6 57. Rg8+ Kxf6 58. Rh8 Rg4 59.
Kf3 Rf4+ 60. Ke3 Kg5 61. Rh7 Kg4 0-1

[Event "Copenhagen Cup IM-A"]
[Site "Copenhagen"]
[Date "2012.10.21"]
[Round "9"]
[White "Danielsen, Henrik"]
[Black "Carstensen, Jacob"]
[Result "1/2-1/2"]
[WhiteElo "2524"]
[BlackElo "2362"]
[PlyCount "99"]
[EventDate "2012.10.17"]
[EventType "tourn"]
[EventRounds "9"]
[EventCountry "DEN"]
[EventCategory "4"]
[SourceTitle "EXT 2013"]
[Source "ChessBase"]
[SourceDate "2012.11.22"]

1. c4 e5 2. g3 Nf6 3. Bg2 Bc5 4. Nc3 O-O 5. e3 Nc6 6. a3 a5 7. Nge2 Re8 8. b3
d6 9. O-O e4 10. d4 exd3 11. Qxd3 Bg4 12. f3 Bh5 13. Kh1 Bg6 14. e4 h5 15. Bb2
Ne5 16. Qd1 h4 17. Na4 hxg3 18. Nxc5 dxc5 19. hxg3 Qe7 20. Nf4 c6 21. Qe2 a4
22. bxa4 Rxa4 23. Rac1 Bh7 24. g4 Nfd7 25. Rc2 Nb6 26. Rfc1 Qd6 27. Nh5 f6 28.
Rd1 Qe6 29. Bxe5 fxe5 30. Rb2 Ra6 31. Rdb1 Nc8 32. Rxb7 Ne7 33. Rb8 Bg6 34.
Rxe8+ Bxe8 35. Rb8 Ng6 36. Qb2 Ra7 37. Qb6 Re7 38. Qxc5 Nf8 39. Rd8 Bxh5 40.
gxh5 Qf6 41. Qb4 Kh7 42. Rd6 Qh4+ 43. Kg1 Ne6 44. Rxc6 Rd7 45. Rd6 Rxd6 46.
Qxd6 Qe1+ 47. Kh2 Qh4+ 48. Kg1 Qe1+ 49. Kh2 Qh4+ 50. Kg1 1/2-1/2

[Event "Copenhagen Cup IM-A"]
[Site "Copenhagen"]
[Date "2012.10.18"]
[Round "2"]
[White "Danielsen, Henrik"]
[Black "Hoi, Carsten"]
[Result "0-1"]
[WhiteElo "2524"]
[BlackElo "2370"]
[PlyCount "88"]
[EventDate "2012.10.17"]
[EventType "tourn"]
[EventRounds "9"]
[EventCountry "DEN"]
[EventCategory "4"]
[SourceTitle "EXT 2013"]
[Source "ChessBase"]
[SourceDate "2012.11.22"]

1. g3 g6 2. Bg2 Bg7 3. c4 Nf6 4. Nc3 O-O 5. d4 d6 6. Nf3 c6 7. O-O Bf5 8. Ne1
e5 9. d5 cxd5 10. cxd5 Na6 11. e4 Bd7 12. Nd3 Ne8 13. Be3 f5 14. f3 Nf6 15. Kh1
Qe7 16. Rc1 Kh8 17. Qd2 b6 18. b4 Rac8 19. a3 Nc7 20. a4 fxe4 21. fxe4 Ng4 22.
Rxf8+ Rxf8 23. b5 h5 24. Bg5 Bf6 25. Bxf6+ Nxf6 26. Qh6+ Nh7 27. Qxg6 h4 28.
gxh4 Ne8 29. Qh6 Nef6 30. Rf1 Rc8 31. Qd2 Ng4 32. Qe1 Qg7 33. Bf3 Qh6 34. Bxg4
Bxg4 35. Qg3 Bh5 36. Rg1 Nf6 37. Nf2 Rg8 38. Qh3 Rf8 39. Re1 Qd2 40. Rf1 Nxd5
41. Nfd1 Nf4 42. Qg3 Rg8 43. Qf2 Qxf2 44. Rxf2 Nh3 0-1

[Event "Copenhagen Cup IM-A"]
[Site "Copenhagen"]
[Date "2012.10.20"]
[Round "6"]
[White "Danielsen, Henrik"]
[Black "Teplyi, Igor"]
[Result "1/2-1/2"]
[WhiteElo "2524"]
[BlackElo "2386"]
[PlyCount "97"]
[EventDate "2012.10.17"]
[EventType "tourn"]
[EventRounds "9"]
[EventCountry "DEN"]
[EventCategory "4"]
[SourceTitle "EXT 2013"]
[Source "ChessBase"]
[SourceDate "2012.11.22"]

1. g3 c5 2. Bg2 g6 3. Nf3 Bg7 4. O-O Nc6 5. d3 d6 6. Nc3 e6 7. Bd2 Rb8 8. a3 b6
9. b4 Bb7 10. Rb1 Nf6 11. Qc1 h6 12. bxc5 bxc5 13. Ne5 Nxe5 14. Bxb7 d5 15. f4
Ned7 16. f5 g5 17. fxe6 fxe6 18. e4 d4 19. Na4 Qc7 20. Qb2 O-O 21. Qb5 Nh5 22.
Ba5 Rxf1+ 23. Kxf1 Qd6 24. Kg2 Be5 25. Be1 Nhf6 26. Bf2 Qc7 27. Rb3 Ng4 28. Qc6
Nxf2 29. Kxf2 Bd6 30. Ke2 Qxc6 31. Bxc6 Rxb3 32. cxb3 Ne5 33. Be8 Kg7 34. Nb2
Kf6 35. a4 Bc7 36. Nd1 Bd8 37. Nf2 Bc7 38. Bh5 Bd8 39. Kd1 Ba5 40. Ke2 Bc7 41.
Nh3 Ba5 42. Nf2 Bc7 43. Be8 Ke7 44. Bb5 Kf6 45. Bc4 Ba5 46. g4 Bc7 47. h3 a5
48. Bb5 Ke7 49. Bc4 1/2-1/2

[Event "Copenhagen Cup IM-A"]
[Site "Copenhagen"]
[Date "2012.10.20"]
[Round "7"]
[White "Eriksson, Christian Altenburg"]
[Black "Kvisvik, Brede Alexander"]
[Result "0-1"]
[WhiteElo "2098"]
[BlackElo "2342"]
[PlyCount "84"]
[EventDate "2012.10.17"]
[EventType "tourn"]
[EventRounds "9"]
[EventCountry "DEN"]
[EventCategory "4"]
[SourceTitle "EXT 2013"]
[Source "ChessBase"]
[SourceDate "2012.11.22"]

1. e4 c5 2. c3 d5 3. exd5 Qxd5 4. d4 g6 5. Na3 Bg7 6. Nf3 cxd4 7. Bc4 Qe4+ 8.
Be3 Nh6 9. cxd4 O-O 10. O-O Bg4 11. Bd3 Qd5 12. Bc4 Qc6 13. Bb5 Qf6 14. Be2 Nc6
15. Nc2 Rfd8 16. h3 Bxf3 17. Bxf3 Nf5 18. Bxc6 Qxc6 19. Rc1 Qb6 20. d5 Qb5 21.
b3 Qxb3 22. Rb1 Qxa2 23. Rxb7 a5 24. g4 Rxd5 25. Qf3 Rad8 26. Bb6 Rd3 27. Qf4
e5 28. Qc1 Nd6 29. Rc7 Rxh3 30. Qd2 Qe6 31. Ne3 Bh6 32. f3 Qf6 33. Qf2 Bf4 34.
Nd5 Qg5 35. Nxf4 exf4 36. Rc5 Qh6 37. Qg2 Rb8 38. Bc7 Rb2 39. Qxb2 Rh1+ 40. Kf2
Qh2+ 41. Ke1 Qxb2 42. Rxh1 Qb4+ 0-1

[Event "Copenhagen Cup IM-A"]
[Site "Copenhagen"]
[Date "2012.10.21"]
[Round "8"]
[White "Hoi, Carsten"]
[Black "Eriksson, Christian Altenburg"]
[Result "1-0"]
[WhiteElo "2370"]
[BlackElo "2098"]
[PlyCount "27"]
[EventDate "2012.10.17"]
[EventType "tourn"]
[EventRounds "9"]
[EventCountry "DEN"]
[EventCategory "4"]
[SourceTitle "EXT 2013"]
[Source "ChessBase"]
[SourceDate "2012.11.22"]

1. c4 c5 2. e3 Nf6 3. Nf3 g6 4. d4 cxd4 5. exd4 d5 6. Nc3 Bg7 7. Qb3 O-O 8.
cxd5 Nbd7 9. a4 Nb6 10. a5 Nbxd5 11. Bc4 e6 12. O-O Qd6 13. Re1 Qb4 14. Nxd5
1-0

[Event "Copenhagen Cup IM-A"]
[Site "Copenhagen"]
[Date "2012.10.17"]
[Round "1"]
[White "Hoi, Carsten"]
[Black "Holm, Kristian Stuvik"]
[Result "1-0"]
[WhiteElo "2370"]
[BlackElo "2316"]
[PlyCount "43"]
[EventDate "2012.10.17"]
[EventType "tourn"]
[EventRounds "9"]
[EventCountry "DEN"]
[EventCategory "4"]
[SourceTitle "EXT 2013"]
[Source "ChessBase"]
[SourceDate "2012.11.22"]

1. d4 Nf6 2. Nf3 e6 3. Bg5 d5 4. e3 h6 5. Bh4 Be7 6. c4 O-O 7. Nc3 Ne4 8. Bxe7
Qxe7 9. Qc2 Nxc3 10. Qxc3 c6 11. Bd3 Nd7 12. O-O dxc4 13. Bxc4 b6 14. e4 Bb7
15. Rfe1 c5 16. d5 exd5 17. exd5 Qd6 18. Nh4 Qf4 19. g3 Qg5 20. f4 Qh5 21. Be2
Qxd5 22. Bf3 1-0

[Event "Copenhagen Cup IM-A"]
[Site "Copenhagen"]
[Date "2012.10.20"]
[Round "6"]
[White "Hoi, Carsten"]
[Black "Ochsner, Bjorn Moller"]
[Result "1-0"]
[WhiteElo "2370"]
[BlackElo "2322"]
[PlyCount "136"]
[EventDate "2012.10.17"]
[EventType "tourn"]
[EventRounds "9"]
[EventCountry "DEN"]
[EventCategory "4"]
[SourceTitle "EXT 2013"]
[Source "ChessBase"]
[SourceDate "2012.11.22"]

1. d4 Nf6 2. c4 e6 3. Nc3 Bb4 4. e3 c5 5. Bd3 O-O 6. Nge2 Nc6 7. O-O d5 8. cxd5
Nxd5 9. Nxd5 Qxd5 10. Nf4 Qd6 11. a3 Ba5 12. Qh5 f5 13. dxc5 Qxc5 14. b4 Qe5
15. Rb1 Bd8 16. Bb2 Qc7 17. g4 Ne5 18. Bxe5 Qxe5 19. gxf5 Bd7 20. fxe6 Qxh5 21.
Nxh5 Bxe6 22. Be4 Rb8 23. Nf4 Bd7 24. Rfd1 Ba4 25. Bd5+ Kh8 26. Bb3 Bxb3 27.
Rxb3 Rf7 28. Rbd3 Bf6 29. Rd7 Rbf8 30. Ne6 Rxd7 31. Rxd7 Rb8 32. Nc5 Bb2 33. a4
Ba3 34. Nd3 Kg8 35. Rc7 a5 36. bxa5 Ra8 37. Nc5 Rxa5 38. Ne6 g6 39. Rg7+ Kh8
40. Rxb7 Kg8 41. f4 Rxa4 42. Rb8+ Kf7 43. Ng5+ Ke7 44. Rb7+ Kd6 45. Rxh7 Bc5
46. Kg2 Bxe3 47. Kf3 Bc1 48. Ne4+ Kc6 49. Rg7 Ra3+ 50. Kg4 Kd5 51. Ng3 Ra6 52.
h4 Bb2 53. Rg8 Rb6 54. Re8 Ra6 55. Re2 Bc3 56. Ne4 Bd4 57. Ng5 Ra1 58. Rd2 Rg1+
59. Kh3 Rh1+ 60. Kg2 Rg1+ 61. Kh2 Rf1 62. Kg3 Rg1+ 63. Rg2 Rd1 64. Kg4 Rf1 65.
Nf3 Bf6 66. Re2 Rh1 67. Re8 Ra1 68. Rg8 Ke4 1-0

[Event "Copenhagen Cup IM-A"]
[Site "Copenhagen"]
[Date "2012.10.19"]
[Round "5"]
[White "Hoi, Carsten"]
[Black "Tari, Aryan"]
[Result "1/2-1/2"]
[WhiteElo "2370"]
[BlackElo "2280"]
[PlyCount "52"]
[EventDate "2012.10.17"]
[EventType "tourn"]
[EventRounds "9"]
[EventCountry "DEN"]
[EventCategory "4"]
[SourceTitle "EXT 2013"]
[Source "ChessBase"]
[SourceDate "2012.11.22"]

1. d4 Nf6 2. Nf3 g6 3. c4 Bg7 4. Nc3 d5 5. cxd5 Nxd5 6. e4 Nxc3 7. bxc3 c5 8.
Be3 Qa5 9. Qd2 Nc6 10. Rc1 cxd4 11. cxd4 Qxd2+ 12. Kxd2 O-O 13. Bb5 f5 14. exf5
Rxf5 15. Bxc6 bxc6 16. Rxc6 Ra5 17. Ra1 Bb7 18. Rc7 Bxf3 19. gxf3 e5 20. Rd7
exd4 21. Bxd4 Bxd4 22. Rxd4 Ra3 23. Rd3 Rxd3+ 24. Kxd3 Rd8+ 25. Ke2 Re8+ 26.
Kd3 Rd8+ 1/2-1/2

[Event "Copenhagen Cup IM-A"]
[Site "Copenhagen"]
[Date "2012.10.20"]
[Round "7"]
[White "Holm, Kristian Stuvik"]
[Black "Danielsen, Henrik"]
[Result "0-1"]
[WhiteElo "2316"]
[BlackElo "2524"]
[PlyCount "92"]
[EventDate "2012.10.17"]
[EventType "tourn"]
[EventRounds "9"]
[EventCountry "DEN"]
[EventCategory "4"]
[SourceTitle "EXT 2013"]
[Source "ChessBase"]
[SourceDate "2012.11.22"]

1. d4 Nf6 2. c4 e6 3. Nf3 b6 4. g3 Ba6 5. Nbd2 Bb4 6. Qc2 Bb7 7. Bg2 Be4 8. Qb3
Nc6 9. O-O Bxd2 10. Bxd2 O-O 11. Bc3 Re8 12. Rfd1 d6 13. Rac1 Ne7 14. Nh4 Bxg2
15. Nxg2 a5 16. Qc2 d5 17. Be1 c6 18. cxd5 cxd5 19. Qc7 Rc8 20. Qxd8 Rexd8 21.
e3 g5 22. h3 h5 23. Kf1 g4 24. h4 Ng6 25. Ke2 Kf8 26. Bd2 Ne4 27. Rxc8 Rxc8 28.
Rc1 Rxc1 29. Bxc1 f6 30. Ne1 Kf7 31. Nd3 e5 32. a4 Ke6 33. b3 Ne7 34. Bb2 Nc6
35. Ba1 Nd6 36. Ne1 Kf5 37. Bb2 Ke4 38. f3+ Kf5 39. Bc3 gxf3+ 40. Nxf3 Ne4 41.
Be1 exd4 42. exd4 Kg4 43. Nh2+ Kh3 44. Nf3 Nxg3+ 45. Ke3 Nf5+ 46. Kd3 Kg2 0-1

[Event "Copenhagen Cup IM-A"]
[Site "Copenhagen"]
[Date "2012.10.19"]
[Round "4"]
[White "Holm, Kristian Stuvik"]
[Black "Eriksson, Christian Altenburg"]
[Result "0-1"]
[WhiteElo "2316"]
[BlackElo "2098"]
[PlyCount "68"]
[EventDate "2012.10.17"]
[EventType "tourn"]
[EventRounds "9"]
[EventCountry "DEN"]
[EventCategory "4"]
[SourceTitle "EXT 2013"]
[Source "ChessBase"]
[SourceDate "2012.11.22"]

1. Nf3 d5 2. d4 Nf6 3. e3 c5 4. b3 Nc6 5. Bd3 Bg4 6. Bb2 e6 7. Nbd2 Rc8 8. a3
cxd4 9. exd4 Be7 10. O-O O-O 11. Re1 Bh5 12. c4 Bg6 13. Bxg6 hxg6 14. c5 a5 15.
Bc3 Ra8 16. Qe2 Qd7 17. Reb1 Nh5 18. b4 e5 19. Nxe5 Nxe5 20. dxe5 d4 21. Bb2
axb4 22. axb4 Nf4 23. Qe4 g5 24. g3 Ne6 25. Nc4 Qb5 26. Rxa8 Rxa8 27. Nb6 Rd8
28. Bc1 d3 29. Qc4 Qc6 30. Be3 Qf3 31. Qc1 d2 32. Bxd2 Nd4 33. Qe1 Qd3 34. Qf1
Qxd2 0-1

[Event "Copenhagen Cup IM-A"]
[Site "Copenhagen"]
[Date "2012.10.18"]
[Round "2"]
[White "Holm, Kristian Stuvik"]
[Black "Ochsner, Bjorn Moller"]
[Result "1/2-1/2"]
[WhiteElo "2316"]
[BlackElo "2322"]
[PlyCount "33"]
[EventDate "2012.10.17"]
[EventType "tourn"]
[EventRounds "9"]
[EventCountry "DEN"]
[EventCategory "4"]
[SourceTitle "EXT 2013"]
[Source "ChessBase"]
[SourceDate "2012.11.22"]

1. d4 Nf6 2. c4 g6 3. Nc3 Bg7 4. e4 d6 5. Nf3 O-O 6. h3 e5 7. d5 a5 8. Be2 Na6
9. Bg5 h6 10. Be3 Nc5 11. Nd2 Ne8 12. g4 f5 13. gxf5 gxf5 14. Qc2 Qh4 15. O-O-O
c6 16. Nf3 Qe7 17. Bxc5 1/2-1/2

[Event "Copenhagen Cup IM-A"]
[Site "Copenhagen"]
[Date "2012.10.17"]
[Round "1"]
[White "Kvisvik, Brede Alexander"]
[Black "Danielsen, Henrik"]
[Result "0-1"]
[WhiteElo "2342"]
[BlackElo "2524"]
[PlyCount "100"]
[EventDate "2012.10.17"]
[EventType "tourn"]
[EventRounds "9"]
[EventCountry "DEN"]
[EventCategory "4"]
[SourceTitle "EXT 2013"]
[Source "ChessBase"]
[SourceDate "2012.11.22"]

1. d4 g6 2. c4 Bg7 3. Nf3 d6 4. g3 c5 5. d5 b5 6. Bg2 bxc4 7. O-O Ba6 8. Nfd2
Qa5 9. Qc2 c3 10. Nxc3 Nd7 11. Re1 Rb8 12. Ndb1 Ngf6 13. b3 O-O 14. Bb2 c4 15.
Nd2 Rfc8 16. Rec1 Rc7 17. Qd1 Nc5 18. Rc2 Nfd7 19. h3 Nd3 20. exd3 cxd3 21.
Rcc1 Bxc3 22. Bxc3 Rxc3 23. Rxc3 Qxc3 24. Rc1 Qb2 25. Ne4 Qxa2 26. Ra1 Qc2 27.
Qd2 Qxd2 28. Nxd2 Nc5 29. Bf1 Rb4 30. f3 Bb7 31. Rxa7 Nxb3 32. Nxb3 Rxb3 33.
Bxd3 Bxd5 34. Be4 Bxe4 35. fxe4 Rxg3+ 36. Kf2 Rxh3 37. Rxe7 Rh5 38. Rd7 Re5 39.
Kf3 f5 40. exf5 Rxf5+ 41. Kg4 Rd5 42. Kf4 h6 43. Ke4 Re5+ 44. Kf4 Re6 45. Kg4
Rf6 46. Kg3 Kf8 47. Rh7 g5 48. Kg4 Ke8 49. Ra7 d5 50. Ra8+ Ke7 0-1

[Event "Copenhagen Cup IM-A"]
[Site "Copenhagen"]
[Date "2012.10.19"]
[Round "4"]
[White "Kvisvik, Brede Alexander"]
[Black "Hoi, Carsten"]
[Result "1-0"]
[WhiteElo "2342"]
[BlackElo "2370"]
[PlyCount "60"]
[EventDate "2012.10.17"]
[EventType "tourn"]
[EventRounds "9"]
[EventCountry "DEN"]
[EventCategory "4"]
[SourceTitle "EXT 2013"]
[Source "ChessBase"]
[SourceDate "2012.11.22"]

1. e4 Nc6 2. d4 e5 3. d5 Nce7 4. Nf3 d6 5. Bb5+ Bd7 6. a4 a6 7. Bxd7+ Qxd7 8.
O-O Nf6 9. Re1 h6 10. c4 g5 11. Nbd2 Ng6 12. Nf1 g4 13. N3d2 h5 14. Ng3 Bh6 15.
Qc2 h4 16. Nf5 g3 17. fxg3 hxg3 18. hxg3 Ne7 19. Nxe7 Kxe7 20. c5 Bxd2 21. Bxd2
Qg4 22. cxd6+ cxd6 23. Qc7+ Nd7 24. Bb4 Rh6 25. Ra3 Rah8 26. Rf3 Qg6 27. Kf2
R8h7 28. a5 Rh8 29. Rf5 R6h7 30. Rxe5+ Kf8 1-0

[Event "Copenhagen Cup IM-A"]
[Site "Copenhagen"]
[Date "2012.10.20"]
[Round "6"]
[White "Kvisvik, Brede Alexander"]
[Black "Palm, Nikolaj"]
[Result "0-1"]
[WhiteElo "2342"]
[BlackElo "2307"]
[PlyCount "80"]
[EventDate "2012.10.17"]
[EventType "tourn"]
[EventRounds "9"]
[EventCountry "DEN"]
[EventCategory "4"]
[SourceTitle "EXT 2013"]
[Source "ChessBase"]
[SourceDate "2012.11.22"]

1. d4 d5 2. c4 e6 3. Nf3 c6 4. e3 f5 5. Bd3 Nf6 6. O-O Bd6 7. b3 O-O 8. Ba3 Ne4
9. Bxd6 Qxd6 10. Qc2 Nd7 11. Nc3 b6 12. cxd5 exd5 13. Ne2 Bb7 14. Ng3 g6 15.
Qb2 Rfe8 16. Ne2 a5 17. a4 Re7 18. Nf4 Qf6 19. Be2 Nd6 20. Nd3 Nf7 21. b4 axb4
22. Qxb4 Ba6 23. Rfc1 Bxd3 24. Bxd3 Re6 25. g3 Ra5 26. h4 Qd8 27. h5 Qa8 28.
hxg6 hxg6 29. Qb2 Qa7 30. Nh4 Kg7 31. g4 fxg4 32. Nxg6 Ng5 33. Kf1 Qc7 34. Nf4
Rh6 35. Bf5 Nf6 36. Qc2 c5 37. dxc5 Rxc5 38. Qb2 Rxc1+ 39. Rxc1 Rh1+ 40. Kg2
Qxc1 0-1

[Event "Copenhagen Cup IM-A"]
[Site "Copenhagen"]
[Date "2012.10.18"]
[Round "3"]
[White "Kvisvik, Brede Alexander"]
[Black "Tari, Aryan"]
[Result "1/2-1/2"]
[WhiteElo "2342"]
[BlackElo "2280"]
[PlyCount "70"]
[EventDate "2012.10.17"]
[EventType "tourn"]
[EventRounds "9"]
[EventCountry "DEN"]
[EventCategory "4"]
[SourceTitle "EXT 2013"]
[Source "ChessBase"]
[SourceDate "2012.11.22"]

1. e4 c5 2. Nf3 g6 3. d4 cxd4 4. Nxd4 Bg7 5. c4 Nc6 6. Be3 Nf6 7. Nc3 O-O 8.
Be2 d6 9. O-O Bd7 10. Nc2 Rc8 11. f3 a6 12. Qd2 Ne5 13. b3 b5 14. f4 Neg4 15.
Bd4 e5 16. fxe5 dxe5 17. Be3 Nxe3 18. Qxe3 bxc4 19. bxc4 Be6 20. Rad1 Qa5 21.
Nd5 Nxd5 22. cxd5 Rxc2 23. dxe6 fxe6 24. Bg4 Qxa2 25. Qh3 Rc6 26. Rxf8+ Bxf8
27. Rf1 Qc4 28. Qf3 Qc5+ 29. Kh1 Qe7 30. Qb3 h5 31. Be2 a5 32. Qb8 Rc5 33. Bb5
Rc2 34. h3 Rb2 35. Qe8 Qxe8 1/2-1/2

[Event "Copenhagen Cup IM-A"]
[Site "Copenhagen"]
[Date "2012.10.21"]
[Round "8"]
[White "Ochsner, Bjorn Moller"]
[Black "Palm, Nikolaj"]
[Result "1/2-1/2"]
[WhiteElo "2322"]
[BlackElo "2307"]
[PlyCount "84"]
[EventDate "2012.10.17"]
[EventType "tourn"]
[EventRounds "9"]
[EventCountry "DEN"]
[EventCategory "4"]
[SourceTitle "EXT 2013"]
[Source "ChessBase"]
[SourceDate "2012.11.22"]

1. e4 e5 2. Nf3 Nc6 3. Bb5 a6 4. Ba4 Nf6 5. O-O Be7 6. Re1 b5 7. Bb3 d6 8. c3
O-O 9. h3 Na5 10. Bc2 c5 11. d4 Qc7 12. Nbd2 g6 13. Nf1 Re8 14. a4 Bb7 15. d5
c4 16. Be3 Reb8 17. axb5 axb5 18. N3h2 Bc8 19. f4 exf4 20. Bxf4 Nb7 21. Nf3
Rxa1 22. Qxa1 Nc5 23. Nd4 Bd7 24. Nd2 Re8 25. Qd1 Nh5 26. Bh2 Bf6 27. Qf3 Be5
28. Rf1 Rf8 29. Nf5 f6 30. Nh6+ Kg7 31. Ng4 Qd8 32. Qe3 Qe7 33. Qh6+ Kg8 34.
Nxe5 fxe5 35. g4 Rxf1+ 36. Nxf1 Nf6 37. Qe3 Kg7 38. Nd2 Be8 39. b4 cxb3 40.
Nxb3 Nxb3 41. Bxb3 Qc7 42. Kg2 Nd7 1/2-1/2

[Event "Copenhagen Cup IM-A"]
[Site "Copenhagen"]
[Date "2012.10.20"]
[Round "7"]
[White "Ochsner, Bjorn Moller"]
[Black "Tari, Aryan"]
[Result "1-0"]
[WhiteElo "2322"]
[BlackElo "2280"]
[PlyCount "67"]
[EventDate "2012.10.17"]
[EventType "tourn"]
[EventRounds "9"]
[EventCountry "DEN"]
[EventCategory "4"]
[SourceTitle "EXT 2013"]
[Source "ChessBase"]
[SourceDate "2012.11.22"]

1. e4 c5 2. Nf3 g6 3. d4 cxd4 4. Nxd4 Bg7 5. Nc3 Nc6 6. Be3 Nf6 7. Bc4 O-O 8.
Bb3 a5 9. O-O a4 10. Nxa4 Nxe4 11. c4 d6 12. Nb5 Ra6 13. Qe2 Nf6 14. h3 Be6 15.
Rad1 Qb8 16. Nb6 Ne4 17. Nd5 Rc8 18. Ba7 Rxa7 19. Nxa7 Qxa7 20. Qxe4 Bxb2 21.
c5 Qxc5 22. Nxe7+ Nxe7 23. Bxe6 fxe6 24. Qxe6+ Kf8 25. Rd3 Nf5 26. Rf3 Kg7 27.
g4 Qc6 28. gxf5 Qxf3 29. Qxc8 gxf5 30. Rb1 Qxh3 31. Qxb7+ Kh6 32. Rxb2 Qg4+ 33.
Qg2 Qd1+ 34. Kh2 1-0

[Event "Copenhagen Cup IM-A"]
[Site "Copenhagen"]
[Date "2012.10.19"]
[Round "5"]
[White "Palm, Nikolaj"]
[Black "Carstensen, Jacob"]
[Result "1/2-1/2"]
[WhiteElo "2307"]
[BlackElo "2362"]
[PlyCount "45"]
[EventDate "2012.10.17"]
[EventType "tourn"]
[EventRounds "9"]
[EventCountry "DEN"]
[EventCategory "4"]
[SourceTitle "EXT 2013"]
[Source "ChessBase"]
[SourceDate "2012.11.22"]

1. d4 Nf6 2. Nf3 c5 3. e3 d5 4. b3 Nc6 5. Bb2 cxd4 6. exd4 Bg4 7. Be2 e6 8.
Nbd2 Bd6 9. O-O O-O 10. Re1 Rc8 11. a3 Bb8 12. Rc1 Bf4 13. Ra1 Qb6 14. Nf1 Ne4
15. Ne3 Bxe3 16. fxe3 Ne7 17. Bd3 Ng6 18. c4 Qc7 19. Rc1 Qe7 20. Rf1 f5 21. Qe1
Bxf3 22. gxf3 Nf6 23. Rc2 1/2-1/2